000 00867nam a2200217 i 4500
001 163504
003 ES-MaACL
005 20250905132643.0
008 021030s1882 sp |||| | spa d
100 1 _aRichet, Charles (
_d1850-1935)
_996954
245 1 4 _aLas endemoniadas de hogaño y antaño
_b: estudio de psicología patológica /
_cversión española por el doctor Larra y Cerezo.
260 _aMadrid :
_b[s.n.],
_c1882 (
_fImp. de La Correspondencia de España)
300 _a[4], 218 p. ;
_c14 cm.
490 1 _aBiblioteca del Diario Médico
650 0 4 _aPosesión demoníaca.
_916321
650 4 _aPsicopatología.
_916577
700 1 _aLarra y Cerezo, Ángel de,
_d1858-1910
_970288
830 1 _aBiblioteca del Diario Médico
_9188464
852 _aES-MaACL
_jT-636-F-1
_z- Enc. hol.
_z- Enc. en un vol. facticio
999 _c163504
_d163504